| 000 | 00636nam a2200229 a 4500 | ||
|---|---|---|---|
| 001 | 12831 | ||
| 003 | CO-ViMGA | ||
| 008 | 141112s2004 ck r 000 u spa d | ||
| 020 | _a9582101512 | ||
| 040 |
_aCO-ViMGA _bspa _cCO-ViMGA |
||
| 082 | 0 | 4 | _a398.2 B175 |
| 100 | 1 |
_aBarnes, Janet _918628 |
|
| 245 | 1 | 0 | _aAntologia de leyendas |
| 250 | _a1 | ||
| 260 |
_aSantafé de Bogotá : _bAsociación Instituto Linguistico de Verano, _c1993 |
||
| 300 | _a66p. : il. | ||
| 590 | _aEjemplares : 2 | ||
| 650 | 1 | 4 |
_aLEYENDA SURAméricaNA _918629 |
| 650 | 1 | 4 |
_aLEYENDAS - HISTORIA _918630 |
| 650 | 1 | 4 |
_aMITOS Y LEYENDAS _914994 |
| 942 |
_2ddc _cBK |
||
| 999 |
_c23760 _d23760 |
||